00634nam a22002057a 450000500170000001000130001702000220003003500130005203700160006504000120008108200130009310000180010624500730012426000430019727000370024030000220027750000530029965000390035265000370039120170124110107.0 aA-307211 c00.00a0710207360 aA-307211 bCen Lib/Ret aDPLbEN a940bMCL aMclynn, Frank aInvansion :cby Frank Mclynnbfrom the Armada to Hitler, 1588-1945 / aLondonbRoutledge and Kegan Paulc1987 a11 New Fetter Lane bLondon a170p. c21cm(Hb) aIncludes bibliographical references and index  aGreat Britain--History--Invansions aGreat Britain--History, Military